<?xml version="1.0" encoding="UTF-8"?>
<record
    xmlns:xsi="http://www.w3.org/2001/XMLSchema-instance"
    xsi:schemaLocation="http://www.loc.gov/MARC21/slim http://www.loc.gov/standards/marcxml/schema/MARC21slim.xsd"
    xmlns="http://www.loc.gov/MARC21/slim">

  <leader>00734nam a22002177a 4500</leader>
  <controlfield tag="005">20230207085911.0</controlfield>
  <controlfield tag="008">161111b        sp ||||| |||| 00| 0 spa d</controlfield>
  <datafield tag="050" ind1="0" ind2="4">
    <subfield code="a">TJ214 </subfield>
    <subfield code="b">M55 1972</subfield>
  </datafield>
  <datafield tag="100" ind1="1" ind2=" ">
    <subfield code="a">Milsant, Francis</subfield>
  </datafield>
  <datafield tag="240" ind1="1" ind2="0">
    <subfield code="a">Asser Vissements Lineaires.</subfield>
    <subfield code="l">Espa&#xF1;ol.</subfield>
  </datafield>
  <datafield tag="245" ind1="1" ind2="0">
    <subfield code="a">Servosistemas lineales </subfield>
    <subfield code="c"> / Francis Milsant ; traducido del franc&#xE9;s por Eduardo Buzzanca Ca&#xF1;ellas.</subfield>
  </datafield>
  <datafield tag="250" ind1=" " ind2=" ">
    <subfield code="a">1a ed.</subfield>
  </datafield>
  <datafield tag="260" ind1=" " ind2=" ">
    <subfield code="a">Barcelona :</subfield>
    <subfield code="b">Editores T&#xE9;cnicos Asociados, </subfield>
    <subfield code="c">1972</subfield>
  </datafield>
  <datafield tag="300" ind1=" " ind2=" ">
    <subfield code="a">157 p. : </subfield>
    <subfield code="b">il. ; </subfield>
    <subfield code="c">23 cm.</subfield>
  </datafield>
  <datafield tag="500" ind1=" " ind2=" ">
    <subfield code="a">Incluye ap&#xE9;ndice e &#xED;ndice</subfield>
  </datafield>
  <datafield tag="505" ind1=" " ind2="0">
    <subfield code="t">T. 1 An&#xE1;lisis </subfield>
  </datafield>
  <datafield tag="505" ind1=" " ind2="0">
    <subfield code="t">T. 2 Sint&#xE9;sis</subfield>
  </datafield>
  <datafield tag="650" ind1=" " ind2="7">
    <subfield code="2">lemb</subfield>
    <subfield code="a">Servomecanismos</subfield>
  </datafield>
  <datafield tag="700" ind1="1" ind2=" ">
    <subfield code="a">Buzzanca Ca&#xF1;ellas, Eduardo,</subfield>
    <subfield code="e">traductor</subfield>
  </datafield>
  <datafield tag="942" ind1=" " ind2=" ">
    <subfield code="2">lcc</subfield>
    <subfield code="c">LIB</subfield>
  </datafield>
  <datafield tag="999" ind1=" " ind2=" ">
    <subfield code="c">121376</subfield>
    <subfield code="d">121376</subfield>
  </datafield>
  <datafield tag="952" ind1=" " ind2=" ">
    <subfield code="1">0</subfield>
    <subfield code="2">lcc</subfield>
    <subfield code="4">0</subfield>
    <subfield code="7">0</subfield>
    <subfield code="a">UCIH</subfield>
    <subfield code="b">UCIH</subfield>
    <subfield code="c">GENERAL</subfield>
    <subfield code="d">2016-11-11</subfield>
    <subfield code="f">1a ed.</subfield>
    <subfield code="h">T : 1</subfield>
    <subfield code="k">IT</subfield>
    <subfield code="o">TJ214 M55 1972 </subfield>
    <subfield code="p">BCU000000689</subfield>
    <subfield code="r">2016-11-11 00:00:00</subfield>
    <subfield code="t">1</subfield>
    <subfield code="v">1.00</subfield>
    <subfield code="y">LIB</subfield>
  </datafield>
  <datafield tag="952" ind1=" " ind2=" ">
    <subfield code="1">0</subfield>
    <subfield code="2">lcc</subfield>
    <subfield code="4">0</subfield>
    <subfield code="7">0</subfield>
    <subfield code="a">LIC-025</subfield>
    <subfield code="b">LIC-025</subfield>
    <subfield code="c">GENERAL</subfield>
    <subfield code="d">2020-02-27</subfield>
    <subfield code="e">UA</subfield>
    <subfield code="f">1a ed.</subfield>
    <subfield code="k">IT</subfield>
    <subfield code="o">TJ214 M55 1972</subfield>
    <subfield code="p">BIE000004270</subfield>
    <subfield code="r">2020-02-27 00:00:00</subfield>
    <subfield code="t">C:1 T.1</subfield>
    <subfield code="v">1.00</subfield>
    <subfield code="y">LIB</subfield>
  </datafield>
  <datafield tag="952" ind1=" " ind2=" ">
    <subfield code="1">0</subfield>
    <subfield code="2">lcc</subfield>
    <subfield code="4">0</subfield>
    <subfield code="7">0</subfield>
    <subfield code="a">LIC-025</subfield>
    <subfield code="b">LIC-025</subfield>
    <subfield code="c">GENERAL</subfield>
    <subfield code="d">2020-02-27</subfield>
    <subfield code="e">UA</subfield>
    <subfield code="f">1a ed.</subfield>
    <subfield code="k">IT</subfield>
    <subfield code="o">TJ214 M55 1972</subfield>
    <subfield code="p">BIE000004271</subfield>
    <subfield code="r">2020-02-27 00:00:00</subfield>
    <subfield code="t">C:1 T.2</subfield>
    <subfield code="v">1.00</subfield>
    <subfield code="y">LIB</subfield>
  </datafield>
</record>
